Statistics for Countries Jay Z has visited

Click here to take the quiz!

General Stats

  • This quiz has been taken 30 times
  • The average score is 14 of 15

Answer Stats

ContinentCountry% Correct
North AmericaCanada
100%
EuropeFrance
100%
EuropeGermany
100%
EuropeItaly
100%
EuropeSpain
96%
EuropeUnited Kingdom
96%
North AmericaUnited States of America
96%
EuropeNorway
93%
EuropePoland
93%
EuropeSweden
93%
EuropeIreland
85%
EuropeSwitzerland
85%
EuropeBelgium
78%
Europethe Netherlands
78%
EuropeDenmark
74%

Score Distribution

Percentile by Number Answered

Percent of People with Each Score

Your Score History

You have not taken this quiz